000
00278nam a2200109Ia 4500
008
230907s9999||||xx |||||||||||||| ||und||
082
_a
623.7469
_b
CIN
245
0
_a
DIY drones for the evil genius :
260
_a
McGraw-Hill,
_b
New York :
_c
2017
300
_a
156 p.
942
_c
BK
999
_c
600939
_d
600939